00689 2200241 4500001002100000005001700021008004100038020002200079035002400101040001200125082001600137084001600153090001600169100001800185245008200203260003000285300003100315650003800346850001200384990001700396990001700413990001700430INLIS00000000000017420141003095944.0  a978-0-7946-0493-6 0010-101400000000069 aYOPDYOG aQ 729 Ben P aQ 729 Ben P aQ 729 Ben P aBENSLEY, Bill aParadise by designbtropical residences and resorts by Bensley design studios aSingaporebPeriplusc2008 a239 hlm.b: ilus. ;c26 cm aArsitektur-Desain dan Perencanaan aYOPDYOG a8239-PD/B.14 a8240-PD/B.14 a8241-PD/B.14